Data presentation. Interpretation /

Na minha lista:
Detalhes bibliográficos
Outros Autores: Keller, H (Compiler)
Formato: Livro
Idioma:inglês
Publicado em: Berlin : Walter de Gruyter, 1989
Tags: Adicionar Tag
Sem tags, seja o primeiro a adicionar uma tag!

MARC

LEADER 00000nam a22000003a 4500
001 stu1801
005 20150617225619.2
008 920602s1989----gw------------------eng-d
040 |a STU  |b slo 
041 0 |a eng 
044 |a gw 
080 |a 681.32.01  |7 stu_us_auth*stu8217 
080 |a 519.254 
080 |a 616-07 
100 1 |a Keller, H  |4 com 
245 1 |a Data presentation. Interpretation /  |c Edit.: Keller,H 
260 |a Berlin :  |b Walter de Gruyter,  |c 1989 
300 |a 480 s 
996 |c I*3N4219  |l I  |s A  |a 24  |w stu1801_0001